Statistics for CompTIA Acronyms 10

Click here to take the quiz!

General Stats

  • This quiz has been taken 11 times
  • The average score is 6 of 22

Answer Stats

HintAnswer% Correct
QoSQuality of Service
100%
RAMRandom Access Memory
100%
PnPPlug and Play
50%
PPTPPoint-to-Point Tunneling Protocol
50%
POP3Post Office Protocol 3
50%
POSTPower-On Self-Test
50%
PSUPower Supply Unit
50%
PROMProgrammable Read-Only Memory
50%
RAIDRedundant Array of Independent Discs
50%
PPMPages Per Minute
0%
PVAPatterned Vertical Alignment
0%
PVCPermanent Virtual Circuit
0%
PS/2Personal System 2 connector
0%
POTSPlain Old Telephone Service
0%
PoSPoint of Sale
0%
PPPPoint-to-Point Protocol
0%
PoEPower over Ethernet
0%
PXEPreboot Execution Environment
0%
PRIPrimary Rate Interface
0%
PSTNPublic Switched Telephone Network
0%
RASRemote Access Service
0%
RADIUSRemote Authentication Dial-In User Server
0%

Score Distribution

Percentile by Number Answered

Percent of People with Each Score

Your Score History

You have not taken this quiz